000 00416nam a22001697a 4500
999 _c3686
_d3685
005 20210810163814.0
008 160623b xxu||||| |||| 00| 0 eng d
020 _a81-7544-042-2
041 _aeng
082 _b381.7
100 _agopalsamy, n
_96528
245 _aGATT/WTO TRIPs, TRIMs AND TRADSE IN SERVICES
260 _bWheeler
_c1998
300 _a425
650 _ainformation Technology
_9137
942 _cBK